| 000 | 00499nam a22001577a 4500 | ||
|---|---|---|---|
| 003 | macl | ||
| 005 | 20180405121020.0 | ||
| 008 | 180405b xxu||||| |||| 00| 0 eng d | ||
| 040 | _cmacl | ||
| 082 | _a800 | ||
| 100 |
_aश्राेत्रिय ,शुकदेव _971659 |
||
| 245 | _aअम्मा का सन्दूक | ||
| 260 |
_aदिल्ली _bविजया पब्लिकेशन _c2016 |
||
| 650 |
_aसंस्मरण _954854 |
||
| 942 |
_2ddc _cHIN |
||
| 999 |
_c57449 _d57449 |
||